[Event "Let's Play Chess!"]
[Site "http://www.queenalice.com/game.php?id=691560"]
[Date "2009.12.2"]
[Round "-"]
[White "therota2"]
[Black "Killersugus"]
[Result "0-1"]
[WhiteElo "1480"]
[BlackElo "1629"]

1. c4 Nf6 2. Nf3 e6 3. d4 d5 4. c5 b6 5. b4 a5 6. Qa4+ Bd7 7. b5 bxc5 8. dxc5
Bxc5 9. e3 O-O 10. Bd3 Re8 11. Qc2 Bd6 12. h4 e5 13. h5 e4 14. Ng5 exd3 15. Qxd3
h6 16. Nf3 c5 17. e4 Rxe4+ 18. Be3 d4 19. Nfd2 Re8 20. Na3 dxe3 21. fxe3 Be5 22.
Rc1 Bb2 23. Rxc5 Bxa3 24. Qxa3 Bg4 25. Nc4 Qd1+ 0-1

[Event "Let's Play Chess!"]
[Site "http://www.queenalice.com/game.php?id=692316"]
[Date "2009.12.3"]
[Round "-"]
[White "therota2"]
[Black "manucies"]
[Result "0-1"]
[WhiteElo "1491"]
[BlackElo "1612"]

1. c4 c5 2. Nf3 g6 3. e4 Bg7 4. d3 d6 5. g3 Bg4 6. Be2 Nf6 7. Qb3 b6 8. Na3 a6
9. O-O O-O 10. Bf4 e5 11. Bg5 Bxf3 12. Bxf3 Nc6 13. Nc2 a5 14. a4 Nd4 15. Nxd4
cxd4 16. Rac1 h6 17. Bd2 g5 18. h3 h5 19. Bxg5 Qd7 20. Qxb6 Rfb8 21. Qxb8+ Rxb8
22. g4 hxg4 23. hxg4 Nxg4 24. Be2 f6 25. Bd2 Rxb2 26. Rfd1 f5 27. Kf1 fxe4 28.
dxe4 Nf6 29. Bxa5 Qh3+ 30. Ke1 Bh6 31. Bf1 Qh1 32. Bd2 Bxd2+ 33. Rxd2 Rxd2 34.
Kxd2 Nxe4+ 35. Kc2 Nxf2 36. Be2 Qe4+ 37. Kd2 Qe3+ 0-1

[Event "Challenge 3"]
[Site "http://www.queenalice.com/game.php?id=692827"]
[Date "2009.12.4"]
[Round "-"]
[White "jpfaro"]
[Black "therota2"]
[Result "1-0"]
[WhiteElo "1696"]
[BlackElo "1541"]

1. e3 c5 2. b3 h5 3. Ba3 b6 4. Qf3 d5 5. Nc3 Bb7 6. Bc4 Nf6 7. b4 e6 8. Nh3 Qe7
9. Bb5+ Nbd7 10. bxc5 bxc5 11. d4 g6 12. Ng5 O-O-O 13. Na4 a6 14. Bd3 c4 15.
Bxe7 Bxe7 16. Rc1 Rhf8 17. O-O Ng4 18. h3 Bxg5 19. hxg4 h4 20. Rb1 cxd3 21. cxd3
f5 22. Rfc1+ Kb8 23. gxf5 gxf5 24. Qe2 Rh8 25. Qb2 Rh5 26. Qxb7# 1-0

[Event "Challenge 4"]
[Site "http://www.queenalice.com/game.php?id=692828"]
[Date "2009.12.4"]
[Round "-"]
[White "therota2"]
[Black "jpfaro"]
[Result "0-1"]
[WhiteElo "1470"]
[BlackElo "1749"]

1. c4 b6 2. Nf3 d6 3. d4 Ba6 4. e4 g6 5. Nc3 Qd7 6. Be3 e5 7. Nd5 Bg7 8. Bd3 c6
9. Nb4 Nh6 10. d5 c5 11. Nc2 f5 12. Ng5 Bc8 13. b4 f4 14. Bd2 Bf6 15. Nf3 g5 16.
b5 Qg7 17. Bc3 g4 18. Nd2 a5 19. a4 Nd7 20. h3 Nf8 21. hxg4 Bxg4 22. f3 Bc8 23.
Nf1 Rg8 24. Qe2 Ng4 25. fxg4 Bxg4 26. Qd2 h5 27. Nh2 h4 28. Be2 f3 29. gxf3 Bh3
30. Ng4 Bg5 31. Nge3 Bg2 32. Rg1 h3 33. Nxg2 Bxd2+ 34. Bxd2 hxg2 35. f4 Qg3+ 36.
Kd1 Qh2 37. Be3 Rg3 38. f5 Rxe3 39. Nxe3 Qxg1+ 40. Bf1 gxf1=Q+ 41. Nxf1 Qxf1+
0-1

[Event "Let's Play Chess!"]
[Site "http://www.queenalice.com/game.php?id=693112"]
[Date "2009.12.5"]
[Round "-"]
[White "therota2"]
[Black "spawnwolfwolverine"]
[Result "0-1"]
[WhiteElo "1443"]
[BlackElo "1684"]

1. c4 c5 2. Nf3 d6 3. e4 e5 4. d3 Nf6 5. Be3 Be7 6. d4 O-O 7. d5 Nbd7 8. Nc3 a6
9. g3 h6 10. Nh4 Nh7 11. Nf5 Ndf6 12. Qf3 Bxf5 13. Qxf5 Qd7 14. Bh3 Qxf5 15.
Bxf5 Rab8 16. h4 b5 17. h5 bxc4 18. g4 Rxb2 19. a4 Rfb8 20. O-O Rc2 21. Na2 c3
22. a5 Rbb2 23. Nc1 Ng5 24. f4 Nh3+ 25. Kh1 Rh2# 0-1

[Event "Let's Play Chess!"]
[Site "http://www.queenalice.com/game.php?id=693114"]
[Date "2009.12.5"]
[Round "-"]
[White "spawnwolfwolverine"]
[Black "therota2"]
[Result "1-0"]
[WhiteElo "1694"]
[BlackElo "1449"]

1. c4 e5 2. d3 a5 3. e4 Ra6 4. Nf3 Bb4+ 5. Bd2 Qe7 6. Be2 f5 7. O-O f4 8. Bxb4
Qxb4 9. b3 d6 10. a3 Qc5 11. Nc3 h5 12. Nh4 Nc6 13. Bxh5+ Kd8 14. Nd5 g6 15.
Nxg6 Rh6 16. g3 Bh3 17. Re1 Nd4 18. b4 Qc6 19. b5 Qe8 20. bxa6 bxa6 21. Rb1 f3
22. Rb8+ Bc8 23. Bg4 Qxg6 24. Rxc8# 1-0

[Event "Let's Play Chess!"]
[Site "http://www.queenalice.com/game.php?id=693269"]
[Date "2009.12.5"]
[Round "-"]
[White "therota2"]
[Black "spin"]
[Result "0-1"]
[WhiteElo "1421"]
[BlackElo "1576"]

1. c4 g6 2. d4 Bg7 3. Nf3 d5 4. c5 Nf6 5. g3 Qd7 6. Bg2 O-O 7. Qb3 a5 8. Bf4 Nc6
9. Ng5 Nxd4 10. Qd3 Nh5 11. e3 Nf5 12. Na3 Bxb2 13. Rb1 Bxa3 0-1

[Event "Let's Play Chess!"]
[Site "http://www.queenalice.com/game.php?id=693270"]
[Date "2009.12.5"]
[Round "-"]
[White "kre"]
[Black "therota2"]
[Result "0-1"]
[WhiteElo "1511"]
[BlackElo "1473"]

1. e4 c5 2. c4 e5 3. Qf3 Qa5 4. Nh3 d6 5. Ng5 Nh6 6. g3 Bg4 7. Qe3 Be7 8. h3 f6
9. Ne6 Bxe6 10. Be2 Nc6 11. Na3 Nd4 12. O-O Bxh3 13. Re1 f5 14. b3 g5 15. Bh5+
Kd8 16. Bb2 g4 17. Qxh6 Nf3+ 18. Kh1 Nxe1 19. Qg7 Bg2+ 20. Kg1 Kd7 21. Rxe1 Bxe4
22. Qg5 Bxg5 23. b4 Qxb4 24. Rb1 Bxb1 25. Nxb1 Qxb2 26. Nc3 Qxd2 27. Nd5 Qxa2
28. Nc3 Qc2 0-1

[Event "Let's Play Chess!"]
[Site "http://www.queenalice.com/game.php?id=694081"]
[Date "2009.12.7"]
[Round "-"]
[White "therota2"]
[Black "dtrainey"]
[Result "0-1"]
[WhiteElo "1411"]
[BlackElo "1607"]

1. c4 c5 2. Nf3 Nc6 3. e4 e5 4. Nc3 Nf6 5. Bd3 h6 6. O-O a6 7. Qa4 b6 8. Re1 Bb7
9. Be2 b5 10. cxb5 axb5 11. Qxb5 Ba6 12. Qa4 Bxe2 13. Qb3 Bxf3 14. gxf3 Nd4 15.
Qd1 c4 16. b3 Qc8 17. Nd5 Nxd5 0-1

[Event "Kraj´s Challenge"]
[Site "http://www.queenalice.com/game.php?id=696464"]
[Date "2009.12.11"]
[Round "-"]
[White "Krajnicov"]
[Black "therota2"]
[Result "1-0"]
[WhiteElo "1532"]
[BlackElo "1463"]

1. e4 c5 2. Qf3 Qa5 3. Bc4 e6 4. Nc3 b6 5. e5 Nc6 6. Nb5 Kd8 7. Na3 Bb7 8. Bb5
Kc8 9. Qxf7 Kc7 10. Nf3 Nh6 11. Qh5 Nf5 12. Bd3 1-0